Faculty of Law Library — Cairo University

Official Online Catalog

Commission On Human Rights : (Record no. 70111)

MARC details
000 -LEADER
fixed length control field 01044nam a22003137i 4500
003 - CONTROL NUMBER IDENTIFIER
control field EG-GICUC
005 - DATE AND TIME OF LATEST TRANSACTION
control field 20260411165124.0
008 - FIXED-LENGTH DATA ELEMENTS--GENERAL INFORMATION
fixed length control field 260411s1978 nyu||||fr|||| 00| 0 eng d
040 ## - CATALOGING SOURCE
Original cataloging agency EG-GiCUC
Language of cataloging eng
Transcribing agency EG-GiCUC
Modifying agency EG-GiCUC
Description conventions rda
041 ## - LANGUAGE CODE
Language code of text/sound track or separate title eng
082 04 - DEWEY DECIMAL CLASSIFICATION NUMBER
Edition number 21
Classification number 341.48
Item number UN.C
092 04 - LOCALLY ASSIGNED DEWEY CALL NUMBER (OCLC)
Edition number 21
099 ## - LOCAL FREE-TEXT CALL NUMBER (OCLC)
Classification number Law1 11 341.48 UN.C 1978
110 ## - MAIN ENTRY--CORPORATE NAME
Form subheading United Nations
Relator term Author.
245 ## - TITLE STATEMENT
Title Commission On Human Rights :
Remainder of title Report On The Thirty-Fourth Session (6 February – 10 March 1978) /
Statement of responsibility, etc. United Nations .
264 ## - PRODUCTION, PUBLICATION, DISTRIBUTION, MANUFACTURE, AND COPYRIGHT NOTICE
Place of production, publication, distribution, manufacture New York :
Name of producer, publisher, distributor, manufacturer United Nations ,
Date of production, publication, distribution, manufacture, or copyright notice 1978 .
300 ## - PHYSICAL DESCRIPTION
Extent 178 pages ,
Dimensions 24 cm
Other physical details illustrations,
336 ## - CONTENT TYPE
Source rda content
Content type term text
337 ## - MEDIA TYPE
Source rda media
Media type term Computer
338 ## - CARRIER TYPE
Source rda carrier
Carrier type term Online Resource
490 ## - SERIES STATEMENT
Series statement Economic And Social Council Official Records
Volume/sequential designation No.4
504 ## - BIBLIOGRAPHY, ETC. NOTE
Bibliography, etc. note Bibliography: pages 200-250.
546 ## - LANGUAGE NOTE
Language note Text in English
650 1# - SUBJECT ADDED ENTRY--TOPICAL TERM
Topical term or geographic name entry element Human Rights
Source of heading or term qrmak
651 1# - SUBJECT ADDED ENTRY--GEOGRAPHIC NAME
Source of heading or term qrmak
856 40 - ELECTRONIC LOCATION AND ACCESS
Uniform Resource Identifier <a href="https://fll.law.cu.edu.eg/fulltext/bks/B11-07928.pdf">https://fll.law.cu.edu.eg/fulltext/bks/B11-07928.pdf</a>
905 ## - Cataloger and Reviser Names
Cataloger Name: Hager Sameh
942 ## - ADDED ENTRY ELEMENTS (KOHA)
Source of classification or shelving scheme Dewey Decimal Classification
Koha item type Books
Edition 21
Suppress in OPAC No
Holdings
Withdrawn status Lost status Source of classification or shelving scheme Damaged status Not for loan Collection Home library Current library Date acquired Total checkouts Full call number Barcode Date last seen Copy number Price effective from Koha item type
    Dewey Decimal Classification   Not for loan القانون الدولي العام جــــامعة القــاهرة مكتبة كلية الحقوق - المبنى الرئيسي 11.04.2026   Law1 11 341.48 UN.C 1978 1107928 C1 B11-07928 11.04.2026 1 11.04.2026 Books

© All rights reserved — Faculty of Law, Cairo University